NHL's 31 hockey teams - Statistics

General Stats
  • This quiz has been taken 91 times
  • The average score is 26 of 31
Answer Stats
Team Answer % Correct
Boston Bruins
98%
Anaheim Ducks
97%
Edmonton Oilers
95%
Dallas Stars
95%
Florida Panthers
94%
Colorado Avalanche
92%
Detroit Red Wings
92%
Calgary Flames
91%
Buffalo Sabres
91%
Chicago Blackhawks
89%
Columbus Blue Jackets
89%
Arizona Coyotes
88%
Los Angeles Kings
88%
St-Louis Blues
85%
Carolina Hurricanes
85%
Pittsburgh Penguins
85%
San Jose Sharks
85%
Philadelphia Flyers
83%
Nashville Predators
83%
New York Rangers
83%
Ottawa Senators
83%
New Jersey Devils
82%
New York Islanders
82%
Minnesota Wild
82%
Vancouver Canucks
80%
Winnipeg Jets
80%
Tampa Bay Lightning
80%
Toronto Maple Leafs
79%
Washington Capitals
77%
Montreal Canadiens
76%
Las Vegas Black Knights
5%
No matching quizzes found
Score Distribution
Percent of People with Each Score
Percentile by Number Answered
Your Score History
You have not taken this quiz